000 00940nam a22002897a 4500
001 BR0901938
003 BR-BrBNA
005 20230928102915.0
007 ta
008 230509b bl.||||| |||| 00| 0 por d
040 _aBR-BrBNA
_bpor
_cBiblioteca Nacional de Agricultura
041 _a(Por)
072 _aE14; E21
090 _ E14 BR0901938
100 1 _aBatista, J.A.(coord.)
110 1 _aMinistério do Desenvolvimento Agrário, Brasília, DF (Brasil). Secretaria de Agricultura Familiar
_97484
245 1 _aPrograma de agroindustrialização da agricultura familiar; 2003/2006 sabor de Brasil, documento referencial
260 3 _aBrasília, DF (Brasil):
_c2004.
300 _a45 p.
650 _aAGRICULTURA FAMILIAR
650 _aCOMERCIALIZAÇÃO
650 _aINDUSTRIALIZAÇÃO
650 _aPRODUÇÃO AGRÍCOLA
650 _aPROJETO DE DESENVOLVIMENTO
909 _a202309
_bLucia
_c55
_dLucia Elande
942 _cBK
999 _c72932
_d72932